000 00571nam a2200181Ia 4500
008 100920s9999 xx 000 0 und d
082 _b95913
_a891.464 न 06
100 _aठाकूर दिलीप.
245 _aतीन देवियाँ.
260 _bनवचैतन्य प्रकाशन,मुंबई.
_c2006
300 _a164
_bसाधी
365 _b160
520 _aनिबंध.
630 _aतीन देवियाँ.
650 _aनिबंध.
730 _aतीन देवियाँ.
942 _cBOOK
999 _c736353
_d736350